[Event "ABC-4 2025 Groep A"]
[Site "Utrecht"]
[Date "2025.03.15"]
[Round "2.10"]
[White "Lalkota, Sai Pranav Tejas"]
[Black "Zhang, Jinchen"]
[Result "1-0"]
[WhiteFideId "8930592"]
[BlackFideId "9011090"]
[WhiteElo "1840"]
[BlackElo "1747"]

1. c4 {[%clk 00:55:19]} {[%emt 00:00:01]} Nf6 {[%clk 00:55:16]} {[%emt
00:00:04]} 2. g3 {[%clk 00:55:24]} {[%emt 00:00:05]} g6 {[%clk 00:55:21]}
{[%emt 00:00:05]} 3. Bg2 {[%clk 00:55:30]} {[%emt 00:00:04]} Bg7 {[%clk
00:55:27]} {[%emt 00:00:04]} 4. Nc3 {[%clk 00:55:34]} {[%emt 00:00:06]} c6
{[%clk 00:55:29]} {[%emt 00:00:08]} 5. e4 {[%clk 00:55:40]} {[%emt 00:00:04]}
e5 {[%clk 00:54:53]} {[%emt 00:00:45]} 6. Nge2 {[%clk 00:55:34]} {[%emt
00:00:16]} d6 {[%clk 00:54:56]} {[%emt 00:00:09]} 7. O-O {[%clk 00:55:36]}
{[%emt 00:00:07]} Be6 {[%clk 00:54:45]} {[%emt 00:00:21]} 8. d3 {[%clk
00:55:42]} {[%emt 00:00:04]} O-O {[%clk 00:54:37]} {[%emt 00:00:17]} 9. f4
{[%clk 00:55:47]} {[%emt 00:00:06]} Bg4 {[%clk 00:53:54]} {[%emt 00:00:52]} 10.
h3 {[%clk 00:55:50]} {[%emt 00:00:07]} Bxe2 11. Qxe2 {[%clk 00:55:51]} Nbd7
{[%clk 00:53:41]} {[%emt 00:00:22]} 12. f5 {[%clk 00:55:55]} {[%emt 00:00:06]}
Re8 {[%clk 00:51:32]} {[%emt 00:02:19]} 13. g4 {[%clk 00:55:56]} {[%emt
00:00:09]} Nb6 {[%clk 00:46:37]} {[%emt 00:05:06]} 14. g5 {[%clk 00:55:51]}
{[%emt 00:00:14]} Nfd7 {[%clk 00:46:42]} {[%emt 00:00:05]} 15. f6 {[%clk
00:55:56]} {[%emt 00:00:05]} Bf8 {[%clk 00:46:34]} {[%emt 00:00:18]} 16. h4
{[%clk 00:55:34]} {[%emt 00:00:32]} Nc5 {[%clk 00:46:06]} {[%emt 00:00:39]} 17.
h5 {[%clk 00:53:53]} {[%emt 00:01:49]} Ne6 {[%clk 00:45:33]} {[%emt 00:00:44]}
18. hxg6 {[%clk 00:49:59]} {[%emt 00:04:05]} hxg6 {[%clk 00:44:42]} {[%emt
00:01:00]} 19. Be3 {[%clk 00:49:47]} {[%emt 00:00:20]} Nd4 {[%clk 00:43:01]}
{[%emt 00:01:53]} 20. Bxd4 {[%clk 00:49:45]} {[%emt 00:00:13]} exd4 {[%clk
00:42:58]} {[%emt 00:00:12]} 21. Nd1 {[%clk 00:49:35]} {[%emt 00:00:21]} d5
{[%clk 00:42:07]} {[%emt 00:01:00]} 22. Rf3 {[%clk 00:49:10]} {[%emt 00:00:31]}
Re5 {[%clk 00:40:02]} {[%emt 00:02:19]} 23. Rg3 {[%clk 00:48:32]} {[%emt
00:00:34]} c5 {[%clk 00:38:11]} {[%emt 00:02:15]} 24. Qg4 {[%clk 00:48:08]}
{[%emt 00:00:30]} Nd7 {[%clk 00:28:28]} {[%emt 00:09:57]} 25. Qh4 {[%clk
00:47:39]} {[%emt 00:00:30]} Nxf6 {[%clk 00:28:21]} {[%emt 00:00:27]} 26. gxf6
{[%clk 00:47:41]} {[%emt 00:00:07]} dxc4 {[%clk 00:28:07]} {[%emt 00:00:23]} 27.
Rg4 {[%clk 00:46:59]} {[%emt 00:00:50]} cxd3 {[%clk 00:27:17]} {[%emt
00:01:03]} 28. Nf2 {[%clk 00:46:54]} {[%emt 00:00:09]} c4 {[%clk 00:26:25]}
{[%emt 00:01:08]} 29. Nxd3 {[%clk 00:45:51]} {[%emt 00:01:13]} cxd3 {[%clk
00:25:56]} {[%emt 00:00:40]} 30. Kf2 {[%clk 00:45:44]} {[%emt 00:00:09]} Rh5
{[%clk 00:25:42]} {[%emt 00:00:31]} 31. Qxh5 {[%clk 00:45:38]} {[%emt
00:00:16]} Qxf6+ {[%clk 00:25:45]} {[%emt 00:00:08]} 32. Bf3 {[%clk 00:45:38]}
{[%emt 00:00:06]} Bg7 {[%clk 00:25:08]} {[%emt 00:00:50]} 33. Qh4 {[%clk
00:45:04]} {[%emt 00:00:31]} Qb6 {[%clk 00:24:58]} {[%emt 00:00:33]} 34. Rb1
{[%clk 00:44:28]} {[%emt 00:00:44]} Qa6 {[%clk 00:23:00]} {[%emt 00:02:12]} 35.
a3 {[%clk 00:44:06]} {[%emt 00:00:29]} d2 {[%clk 00:22:37]} {[%emt 00:00:34]}
36. Qg5 {[%clk 00:43:58]} {[%emt 00:00:12]} Qd3 {[%clk 00:20:06]} {[%emt
00:02:47]} 37. Rd1 {[%clk 00:43:17]} {[%emt 00:00:51]} Rc8 {[%clk 00:19:41]}
{[%emt 00:00:36]} 38. Rxd2 {[%clk 00:43:07]} {[%emt 00:00:21]} Rc2 {[%clk
00:19:22]} {[%emt 00:00:28]} 39. Rxc2 {[%clk 00:42:39]} {[%emt 00:00:37]} Qxc2+
{[%clk 00:19:28]} {[%emt 00:00:05]} 40. Be2 {[%clk 00:42:38]} {[%emt 00:00:09]}
Qxb2 {[%clk 00:18:46]} {[%emt 00:00:54]} 41. Qd8+ {[%clk 00:42:35]} {[%emt
00:00:09]} Bf8 {[%clk 00:18:23]} {[%emt 00:00:37]} 42. Qd5 {[%clk 00:42:24]}
{[%emt 00:00:16]} Qxa3 {[%clk 00:17:09]} {[%emt 00:01:30]} 43. Rxg6+ {[%clk
00:42:26]} {[%emt 00:00:08]} Bg7 {[%clk 00:16:37]} {[%emt 00:00:42]} 44. Qd8+
{[%clk 00:42:18]} {[%emt 00:00:17]} Kh7 {[%clk 00:15:56]} {[%emt 00:00:52]} 45.
Rg3 {[%clk 00:42:00]} {[%emt 00:00:46]} Qc5 {[%clk 00:15:29]} {[%emt 00:00:42]}
46. Qg5 {[%clk 00:41:35]} {[%emt 00:00:19]} Qxg5 {[%clk 00:15:23]} {[%emt
00:00:32]} 47. Rxg5 {[%clk 00:41:39]} {[%emt 00:00:06]} Bh6 {[%clk 00:14:54]}
{[%emt 00:00:38]} 48. Rd5 {[%clk 00:41:37]} {[%emt 00:00:09]} Be3+ {[%clk
00:14:42]} {[%emt 00:00:26]} 49. Kf3 {[%clk 00:41:42]} {[%emt 00:00:05]} Kg6
{[%clk 00:14:23]} {[%emt 00:00:28]} 50. Rd7 {[%clk 00:41:41]} {[%emt 00:00:07]}
b6 {[%clk 00:12:22]} {[%emt 00:02:16]} 51. Bd3 {[%clk 00:41:41]} {[%emt
00:00:07]} a5 {[%clk 00:12:08]} {[%emt 00:00:26]} 52. Rd6+ {[%clk 00:41:44]}
{[%emt 00:00:04]} f6 {[%clk 00:12:06]} {[%emt 00:00:14]} 53. Rxb6 {[%emt
00:00:35]} Kf7 {[%clk 00:11:46]} 54. Rb7+ {[%clk 00:41:49]} {[%emt 00:00:09]}
Ke6 {[%clk 00:11:33]} {[%emt 00:00:24]} 55. Rb6+ {[%clk 00:41:47]} {[%emt
00:00:12]} Kf7 {[%clk 00:11:35]} {[%emt 00:00:08]} 56. Kg4 {[%clk 00:41:53]}
{[%emt 00:00:04]} Ke7 {[%clk 00:11:14]} {[%emt 00:00:30]} 57. Kf5 {[%clk
00:41:53]} {[%emt 00:00:10]} Bf2 {[%clk 00:10:14]} {[%emt 00:01:11]} 58. Rxf6
{[%clk 00:41:41]} {[%emt 00:00:22]} Bh4 {[%clk 00:10:02]} {[%emt 00:00:22]} 59.
Rh6 {[%clk 00:41:19]} {[%emt 00:00:32]} Bg3 {[%clk 00:09:32]} {[%emt 00:00:40]}
60. e5 {[%clk 00:41:19]} {[%emt 00:00:08]} Be1 {[%clk 00:09:11]} {[%emt
00:00:43]} 61. Rh7+ {[%clk 00:41:11]} {[%emt 00:00:13]} Ke8 {[%clk 00:09:14]}
{[%emt 00:00:07]} 62. e6 {[%clk 00:41:06]} {[%emt 00:00:12]} Bb4 {[%clk
00:08:56]} {[%emt 00:00:32]} 63. Kf6 {[%clk 00:40:53]} {[%emt 00:00:20]} a4
{[%clk 00:08:42]} {[%emt 00:00:25]} 64. Rh8+ {[%clk 00:40:49]} {[%emt
00:00:12]} Bf8 {[%clk 00:08:47]} {[%emt 00:00:06]} 65. Bb5+ {[%clk 00:40:55]}
{[%emt 00:00:05]} Kd8 {[%clk 00:08:43]} {[%emt 00:00:14]} 66. e7+ {[%clk
00:41:02]} {[%emt 00:00:04]} Kc7 {[%clk 00:08:51]} {[%emt 00:00:02]} 67. exf8=Q
{[%clk 00:41:06]} {[%emt 00:00:07]} Kb6 {[%clk 00:08:57]} {[%emt 00:00:04]} 68.
Qd6+ {[%clk 00:41:08]} {[%emt 00:00:07]} Kxb5 {[%clk 00:09:03]} {[%emt
00:00:04]} 69. Qxd4 {[%clk 00:41:10]} {[%emt 00:00:08]} a3 {[%emt 00:00:07]} 70.
Rh5+ {[%clk 00:41:13]} {[%emt 00:00:03]} Kc6 {[%clk 00:09:03]} {[%emt
00:00:16]} 71. Rc5+ {[%clk 00:41:17]} {[%emt 00:00:06]} Kb6 {[%clk 00:08:51]}
{[%emt 00:00:23]} 72. Qb4+ {[%clk 00:41:25]} {[%emt 00:00:03]} Ka6 {[%clk
00:08:48]} {[%emt 00:00:12]} 73. Ra5# {[%clk 00:41:29]} {[%emt 00:00:07]} 1-0

[Event "ABC-4 2025 Groep A"]
[Site "Utrecht"]
[Date "2025.03.15"]
[Round "3.1"]
[White "Leenen, Boyd"]
[Black "Blom, Rens"]
[Result "1-0"]
[WhiteFideId "8809306"]
[BlackFideId "8605586"]
[WhiteElo "2018"]
[BlackElo "1981"]

1. f4 {[%clk 00:55:19]} Nf6 {[%clk 00:55:01]} {[%emt 00:00:19]} 2. Nf3 {[%clk
00:55:23]} {[%emt 00:00:06]} g6 {[%clk 00:55:05]} {[%emt 00:00:07]} 3. g3
{[%clk 00:55:29]} {[%emt 00:00:04]} Bg7 {[%clk 00:55:08]} {[%emt 00:00:07]} 4.
Bg2 {[%clk 00:55:35]} {[%emt 00:00:04]} O-O {[%clk 00:55:03]} {[%emt 00:00:15]}
5. O-O {[%clk 00:55:41]} {[%emt 00:00:04]} c5 {[%clk 00:55:00]} {[%emt
00:00:13]} 6. d3 {[%clk 00:55:45]} {[%emt 00:00:06]} d5 {[%clk 00:54:29]}
{[%emt 00:00:41]} 7. c3 {[%clk 00:55:47]} {[%emt 00:00:08]} Nc6 {[%clk
00:53:51]} {[%emt 00:00:48]} 8. a4 {[%clk 00:55:49]} {[%emt 00:00:08]} Qc7
{[%clk 00:52:55]} {[%emt 00:01:06]} 9. Na3 {[%clk 00:55:47]} {[%emt 00:00:12]}
a6 {[%clk 00:52:58]} {[%emt 00:00:07]} 10. Qe1 {[%clk 00:54:43]} {[%emt
00:01:14]} Rb8 {[%clk 00:50:33]} {[%emt 00:02:36]} 11. Ne5 {[%clk 00:50:54]}
{[%emt 00:03:58]} d4 {[%clk 00:44:51]} {[%emt 00:05:52]} 12. Nxc6 {[%clk
00:48:49]} {[%emt 00:02:15]} bxc6 {[%clk 00:44:56]} {[%emt 00:00:05]} 13. e4
{[%clk 00:47:39]} {[%emt 00:01:20]} Rd8 {[%clk 00:41:24]} {[%emt 00:03:42]} 14.
c4 {[%clk 00:40:35]} {[%emt 00:07:14]} Ng4 {[%clk 00:39:32]} {[%emt 00:02:01]}
15. Nc2 {[%clk 00:33:09]} {[%emt 00:07:36]} Ne3 {[%clk 00:27:32]} {[%emt
00:12:11]} 16. Nxe3 {[%clk 00:25:40]} {[%emt 00:07:39]} dxe3 {[%clk 00:27:37]}
{[%emt 00:00:05]} 17. Qe2 {[%clk 00:25:03]} {[%emt 00:00:47]} h5 {[%clk
00:23:04]} {[%emt 00:04:42]} 18. Bf3 {[%clk 00:23:19]} {[%emt 00:01:55]} Rb3
{[%clk 00:22:36]} {[%emt 00:00:38]} 19. Rd1 {[%clk 00:23:18]} {[%emt 00:00:11]}
Qa5 {[%clk 00:18:11]} {[%emt 00:04:36]} 20. Qc2 {[%clk 00:21:16]} {[%emt
00:02:12]} Rb4 {[%clk 00:14:13]} {[%emt 00:04:08]} 21. e5 {[%clk 00:20:24]}
{[%emt 00:01:02]} Qb6 {[%clk 00:12:46]} {[%emt 00:01:37]} 22. Ra2 {[%clk
00:17:30]} {[%emt 00:03:04]} f6 {[%clk 00:12:22]} {[%emt 00:00:34]} 23. Bxe3
{[%clk 00:14:31]} {[%emt 00:03:08]} fxe5 {[%clk 00:12:22]} {[%emt 00:00:10]} 24.
fxe5 {[%clk 00:14:27]} {[%emt 00:00:14]} Bxe5 {[%clk 00:12:21]} {[%emt
00:00:11]} 25. d4 {[%clk 00:14:25]} {[%emt 00:00:13]} Bf5 {[%clk 00:10:54]}
{[%emt 00:01:37]} 26. Be4 {[%clk 00:13:53]} {[%emt 00:00:42]} cxd4 {[%clk
00:08:43]} {[%emt 00:02:20]} 27. a5 {[%clk 00:07:53]} {[%emt 00:06:10]} Qc5
{[%clk 00:06:31]} {[%emt 00:02:22]} 28. Bxf5 {[%clk 00:07:55]} {[%emt
00:00:08]} gxf5 {[%clk 00:04:54]} {[%emt 00:01:47]} 29. Qxf5 {[%clk 00:08:04]}
{[%emt 00:00:01]} Rd6 {[%clk 00:03:53]} {[%emt 00:01:12]} 30. Qg5+ {[%clk
00:05:07]} {[%emt 00:03:07]} Kf8 {[%clk 00:03:31]} {[%emt 00:00:32]} 31. Rf1+
{[%clk 00:04:47]} {[%emt 00:00:29]} Rf6 {[%clk 00:03:04]} {[%emt 00:00:38]} 32.
Qh6+ {[%clk 00:04:30]} {[%emt 00:00:27]} Ke8 {[%clk 00:02:53]} {[%emt
00:00:20]} 33. Qxh5+ {[%clk 00:04:36]} {[%emt 00:00:04]} Kd8 {[%clk 00:02:49]}
{[%emt 00:00:15]} 34. Bf2 {[%clk 00:03:29]} {[%emt 00:01:17]} Qxc4 {[%clk
00:02:36]} {[%emt 00:00:22]} 35. Raa1 {[%clk 00:03:37]} Bd6 {[%clk 00:02:29]}
{[%emt 00:00:19]} 36. Rac1 {[%clk 00:03:45]} {[%emt 00:00:02]} Qb5 {[%clk
00:02:15]} {[%emt 00:00:23]} 37. Qh8+ {[%clk 00:03:04]} {[%emt 00:00:51]} Kc7
{[%clk 00:02:11]} {[%emt 00:00:14]} 38. Qa8 {[%clk 00:03:11]} {[%emt 00:00:03]}
Qb7 {[%clk 00:01:36]} {[%emt 00:00:45]} 39. Qe8 {[%clk 00:03:04]} {[%emt
00:00:16]} e5 {[%clk 00:01:24]} {[%emt 00:00:24]} 40. Bxd4 {[%clk 00:02:19]}
{[%emt 00:00:54]} Rf8 {[%clk 00:00:29]} {[%emt 00:01:05]} 41. Rxf8 {[%clk
00:02:18]} {[%emt 00:00:12]} Bxf8 {[%clk 00:00:38]} 42. Bxe5+ {[%clk 00:02:15]}
{[%emt 00:00:13]} Bd6 {[%clk 00:00:44]} {[%emt 00:00:05]} 43. Qe7+ {[%clk
00:02:19]} {[%emt 00:00:05]} Kc8 {[%clk 00:00:32]} {[%emt 00:00:23]} 44. Qxd6
{[%clk 00:02:11]} {[%emt 00:00:18]} 1-0

[Event "ABC-4 2025 Groep A"]
[Site "Utrecht"]
[Date "2025.03.15"]
[Round "3.2"]
[White "Van Arendonk, Polle"]
[Black "Van de Poel, Jona"]
[Result "1-0"]
[WhiteFideId "8640720"]
[BlackFideId "8707633"]
[WhiteElo "1914"]
[BlackElo "1977"]

1. e4 {[%clk 00:55:18]} {[%emt 00:00:02]} c5 {[%clk 00:55:17]} {[%emt
00:00:04]} 2. Nf3 {[%clk 00:55:25]} {[%emt 00:00:03]} e6 {[%clk 00:55:22]}
{[%emt 00:00:04]} 3. d4 {[%clk 00:55:33]} {[%emt 00:00:02]} cxd4 {[%clk
00:55:28]} {[%emt 00:00:05]} 4. Nxd4 {[%clk 00:55:40]} {[%emt 00:00:03]} Nf6
{[%clk 00:55:32]} {[%emt 00:00:06]} 5. Nc3 {[%clk 00:55:48]} {[%emt 00:00:01]}
Nc6 {[%clk 00:55:35]} {[%emt 00:00:06]} 6. Ndb5 {[%clk 00:55:56]} {[%emt
00:00:03]} d6 {[%clk 00:55:18]} {[%emt 00:00:27]} 7. Bf4 {[%clk 00:56:02]}
{[%emt 00:00:04]} e5 {[%clk 00:55:23]} {[%emt 00:00:05]} 8. Bg5 {[%clk
00:56:10]} {[%emt 00:00:02]} a6 {[%clk 00:55:30]} {[%emt 00:00:04]} 9. Na3
{[%clk 00:56:17]} {[%emt 00:00:02]} b5 {[%clk 00:55:37]} {[%emt 00:00:03]} 10.
Nd5 {[%clk 00:56:24]} {[%emt 00:00:03]} Be7 {[%clk 00:55:39]} {[%emt 00:00:08]}
11. Bxf6 {[%clk 00:56:31]} {[%emt 00:00:03]} Bxf6 {[%clk 00:55:45]} {[%emt
00:00:04]} 12. c3 {[%clk 00:56:39]} {[%emt 00:00:03]} O-O {[%clk 00:55:46]}
{[%emt 00:00:09]} 13. Nc2 {[%clk 00:56:46]} {[%emt 00:00:02]} Bg5 {[%clk
00:55:30]} {[%emt 00:00:26]} 14. a4 {[%clk 00:56:53]} {[%emt 00:00:04]} Rb8
{[%clk 00:54:19]} {[%emt 00:01:20]} 15. axb5 {[%clk 00:56:47]} {[%emt
00:00:16]} axb5 {[%clk 00:54:22]} {[%emt 00:00:07]} 16. h4 {[%clk 00:52:26]}
{[%emt 00:04:30]} Bh6 {[%clk 00:53:54]} {[%emt 00:00:38]} 17. g4 {[%clk
00:52:29]} {[%emt 00:00:07]} g6 {[%clk 00:51:46]} {[%emt 00:02:19]} 18. g5
{[%clk 00:50:49]} {[%emt 00:01:50]} Bg7 {[%clk 00:51:47]} {[%emt 00:00:09]} 19.
Nce3 {[%clk 00:48:50]} {[%emt 00:02:09]} b4 {[%clk 00:46:36]} {[%emt 00:05:21]}
20. Ng4 {[%clk 00:45:29]} {[%emt 00:03:30]} Bxg4 {[%clk 00:42:16]} {[%emt
00:04:30]} 21. Qxg4 {[%clk 00:45:37]} {[%emt 00:00:03]} bxc3 {[%clk 00:40:46]}
{[%emt 00:01:41]} 22. bxc3 {[%clk 00:45:20]} {[%emt 00:00:26]} Rb7 {[%clk
00:35:20]} {[%emt 00:05:35]} 23. h5 {[%clk 00:43:29]} {[%emt 00:02:02]} Qd7
{[%clk 00:32:38]} {[%emt 00:02:53]} 24. Qh4 {[%clk 00:39:21]} {[%emt 00:04:17]}
Bh8 {[%clk 00:32:31]} {[%emt 00:00:17]} 25. Bc4 {[%clk 00:35:25]} {[%emt
00:04:07]} Ra7 {[%clk 00:28:16]} {[%emt 00:04:24]} 26. Rxa7 {[%clk 00:31:53]}
{[%emt 00:03:42]} Qxa7 {[%clk 00:28:10]} {[%emt 00:00:16]} 27. hxg6 {[%clk
00:31:02]} {[%emt 00:01:01]} Qa1+ {[%clk 00:28:15]} {[%emt 00:00:05]} 28. Ke2
{[%clk 00:31:08]} {[%emt 00:00:04]} Qb2+ {[%clk 00:28:08]} {[%emt 00:00:17]} 29.
Kf3 {[%emt 00:01:21]} Qxf2+ {[%clk 00:27:46]} {[%emt 00:00:31]} 30. Kxf2 {[%clk
00:29:58]} {[%emt 00:00:11]} hxg6 {[%clk 00:27:49]} {[%emt 00:00:06]} 31. Qh7#
{[%clk 00:29:51]} {[%emt 00:00:07]} 1-0

[Event "ABC-4 2025 Groep A"]
[Site "Utrecht"]
[Date "2025.03.15"]
[Round "3.3"]
[White "Van Hesselingen, Guido"]
[Black "Luong, Thao"]
[Result "1-0"]
[WhiteFideId "8795941"]
[BlackFideId "8890816"]
[WhiteElo "2173"]
[BlackElo "1838"]

1. e4 {[%clk 00:55:17]} {[%emt 00:00:03]} e5 {[%clk 00:55:17]} {[%emt
00:00:04]} 2. Nf3 {[%clk 00:55:18]} {[%emt 00:00:08]} Nc6 {[%clk 00:55:22]}
{[%emt 00:00:05]} 3. Bc4 {[%clk 00:55:23]} {[%emt 00:00:05]} Bc5 {[%clk
00:55:26]} {[%emt 00:00:07]} 4. c3 {[%clk 00:55:26]} {[%emt 00:00:07]} Nf6
{[%clk 00:55:30]} {[%emt 00:00:05]} 5. d3 {[%clk 00:55:31]} {[%emt 00:00:06]}
d6 {[%clk 00:55:33]} {[%emt 00:00:07]} 6. O-O {[%clk 00:55:29]} {[%emt
00:00:12]} h6 {[%clk 00:55:34]} {[%emt 00:00:10]} 7. a4 {[%clk 00:54:49]}
{[%emt 00:00:49]} a5 {[%clk 00:55:38]} {[%emt 00:00:06]} 8. Re1 {[%clk
00:54:35]} {[%emt 00:00:24]} Ne7 {[%clk 00:54:36]} {[%emt 00:01:12]} 9. d4
{[%clk 00:49:28]} {[%emt 00:05:16]} exd4 {[%clk 00:53:31]} {[%emt 00:01:15]} 10.
cxd4 {[%clk 00:49:21]} {[%emt 00:00:18]} Bb4 {[%clk 00:53:04]} {[%emt
00:00:37]} 11. Bd2 {[%clk 00:43:58]} {[%emt 00:05:32]} d5 {[%clk 00:48:16]}
{[%emt 00:04:59]} 12. e5 {[%clk 00:38:54]} {[%emt 00:05:14]} dxc4 {[%clk
00:46:17]} {[%emt 00:02:08]} 13. exf6 {[%clk 00:38:28]} {[%emt 00:00:36]} gxf6
{[%clk 00:46:13]} {[%emt 00:00:15]} 14. Bxb4 {[%clk 00:25:02]} {[%emt
00:13:35]} axb4 {[%clk 00:46:12]} {[%emt 00:00:12]} 15. Nbd2 {[%clk 00:24:33]}
{[%emt 00:00:39]} Be6 {[%clk 00:44:27]} {[%emt 00:01:54]} 16. Ne4 {[%clk
00:23:10]} {[%emt 00:01:34]} Nd5 {[%clk 00:42:13]} {[%emt 00:02:23]} 17. Nc5
{[%clk 00:22:55]} {[%emt 00:00:26]} Qc8 {[%clk 00:41:56]} {[%emt 00:00:26]} 18.
Qe2 {[%clk 00:20:27]} {[%emt 00:02:39]} Rg8 {[%clk 00:36:14]} {[%emt 00:05:52]}
19. Qxc4 {[%clk 00:17:47]} {[%emt 00:02:51]} Nf4 {[%clk 00:35:17]} {[%emt
00:01:06]} 20. d5 {[%clk 00:16:36]} {[%emt 00:01:21]} Nxg2 {[%clk 00:34:19]}
{[%emt 00:01:07]} 21. Kh1 {[%clk 00:15:43]} {[%emt 00:01:03]} Nxe1 {[%clk
00:33:09]} {[%emt 00:01:20]} 22. Rxe1 {[%clk 00:15:49]} {[%emt 00:00:05]} b5
{[%clk 00:28:22]} {[%emt 00:04:57]} 23. axb5 {[%clk 00:11:32]} {[%emt
00:04:27]} Rg7 {[%clk 00:23:27]} {[%emt 00:05:04]} 24. dxe6 {[%clk 00:09:30]}
{[%emt 00:02:14]} fxe6 {[%clk 00:21:57]} {[%emt 00:01:40]} 25. Qxe6+ {[%clk
00:06:38]} {[%emt 00:03:01]} Qxe6 {[%clk 00:21:52]} {[%emt 00:00:14]} 26. Nxe6
{[%clk 00:06:46]} {[%emt 00:00:03]} Re7 {[%clk 00:21:10]} {[%emt 00:00:51]} 27.
Nxc7+ {[%clk 00:06:49]} {[%emt 00:00:08]} 1-0

[Event "ABC-4 2025 Groep A"]
[Site "Utrecht"]
[Date "2025.03.15"]
[Round "3.4"]
[White "Rogozyanskiy, Alexander"]
[Black "Ramdien, Steven"]
[Result "1-0"]
[WhiteFideId "8973866"]
[BlackFideId "8722626"]
[WhiteElo "1959"]
[BlackElo "1876"]

1. e4 {[%clk 00:55:16]} {[%emt 00:00:02]} c5 {[%clk 00:55:08]} {[%emt
00:00:13]} 2. Nf3 {[%emt 00:00:22]} e6 {[%clk 00:54:56]} {[%emt 00:00:03]} 3.
d4 {[%clk 00:55:30]} {[%emt 00:00:04]} cxd4 {[%clk 00:54:58]} {[%emt 00:00:08]}
4. Nxd4 {[%clk 00:55:38]} {[%emt 00:00:03]} Nc6 {[%clk 00:54:06]} {[%emt
00:01:03]} 5. Nc3 {[%clk 00:55:43]} {[%emt 00:00:04]} a6 {[%clk 00:53:50]}
{[%emt 00:00:26]} 6. Be3 {[%clk 00:55:51]} {[%emt 00:00:03]} Qc7 {[%clk
00:53:47]} {[%emt 00:00:12]} 7. Qf3 {[%clk 00:55:57]} {[%emt 00:00:04]} b5
{[%clk 00:52:39]} {[%emt 00:01:19]} 8. O-O-O {[%clk 00:46:29]} {[%emt
00:09:37]} Nf6 {[%clk 00:46:25]} {[%emt 00:06:23]} 9. e5 {[%clk 00:44:27]}
{[%emt 00:02:13]} Nd5 {[%clk 00:45:56]} {[%emt 00:00:39]} 10. Nxd5 {[%clk
00:36:02]} {[%emt 00:08:35]} exd5 {[%clk 00:45:00]} {[%emt 00:01:06]} 11. Bf4
{[%clk 00:32:03]} {[%emt 00:04:09]} Qb6 {[%clk 00:39:50]} {[%emt 00:05:19]} 12.
Qxd5 {[%clk 00:30:29]} {[%emt 00:01:46]} Bc5 {[%clk 00:36:52]} {[%emt
00:03:06]} 13. Nf5 {[%clk 00:26:52]} {[%emt 00:03:49]} O-O {[%clk 00:35:56]}
{[%emt 00:01:06]} 14. f3 {[%clk 00:25:14]} {[%emt 00:01:47]} Bb7 {[%clk
00:35:24]} {[%emt 00:00:43]} 15. Qd2 {[%clk 00:21:29]} {[%emt 00:03:54]} a5
{[%clk 00:33:19]} {[%emt 00:02:15]} 16. Nd6 {[%clk 00:20:02]} {[%emt 00:01:37]}
Ba6 {[%clk 00:32:08]} {[%emt 00:01:19]} 17. Bd3 {[%clk 00:18:28]} {[%emt
00:01:47]} Nxe5 {[%clk 00:31:27]} {[%emt 00:00:51]} 18. Ne4 {[%clk 00:15:55]}
{[%emt 00:02:42]} Nxd3+ {[%clk 00:30:34]} {[%emt 00:01:03]} 19. Qxd3 {[%clk
00:15:50]} {[%emt 00:00:15]} b4 {[%clk 00:30:02]} {[%emt 00:00:42]} 20. Qd2
{[%clk 00:13:13]} {[%emt 00:02:47]} d6 {[%clk 00:28:04]} {[%emt 00:02:07]} 21.
Rhe1 {[%clk 00:11:48]} {[%emt 00:01:37]} a4 {[%clk 00:27:41]} {[%emt 00:00:33]}
22. Bxd6 {[%clk 00:11:02]} {[%emt 00:00:56]} Bxd6 {[%clk 00:27:08]} {[%emt
00:00:43]} 23. Qxd6 {[%clk 00:10:41]} {[%emt 00:00:31]} Qb5 {[%clk 00:25:42]}
{[%emt 00:01:35]} 24. Nc5 {[%clk 00:10:00]} {[%emt 00:00:52]} Bb7 {[%clk
00:23:02]} {[%emt 00:02:49]} 25. Nxb7 {[%clk 00:09:12]} {[%emt 00:00:59]} Qxb7
{[%clk 00:23:11]} 26. Re7 {[%clk 00:09:21]} {[%emt 00:00:01]} Qb5 {[%clk
00:22:53]} {[%emt 00:00:27]} 27. Qd5 {[%clk 00:07:51]} {[%emt 00:01:41]} Qa6
{[%clk 00:22:21]} {[%emt 00:00:41]} 28. Qb7 {[%clk 00:07:35]} {[%emt 00:00:26]}
Qa5 {[%clk 00:22:05]} {[%emt 00:00:26]} 29. Rd5 {[%clk 00:07:20]} {[%emt
00:00:25]} Qa6 {[%clk 00:21:04]} {[%emt 00:01:12]} 30. Qxa6 {[%clk 00:07:16]}
{[%emt 00:00:14]} Rxa6 {[%clk 00:21:08]} {[%emt 00:00:06]} 31. Rb7 {[%clk
00:07:23]} {[%emt 00:00:03]} Rh6 {[%clk 00:20:41]} {[%emt 00:00:36]} 32. h3
{[%clk 00:07:02]} {[%emt 00:00:32]} Rh4 {[%emt 00:00:32]} 33. Rdb5 {[%emt
00:00:32]} 1-0